000 00626 a2200205 4500
001 130796
020 _a85-02-00479-4
040 _cLeonardo Da Vinci
041 _aPortuguês
082 _a343.04 M343s
_bM343s
100 _aMARTINS, Ives Gandra
245 _aSistema tributário na Constituição de 1988
250 _a5.ed
260 _bSaraiva
_c1998
_aSão Paulo
300 _a320
362 _a19980000
500 _aEdição revista e atualizada
697 _aDireito
_aDireito tributário
_aDireito constitucional
_aConstituição (1988)
_aLegislação
_aLeis
_aImpostos
_aTributação
_aBrasil
_aFIPEN
942 _cBK
999 _c130796
_d130796